[Event "Zrenjanin"]
[Site "Zrenjanin"]
[Date "2012.12.01"]
[Round "7"]
[White "Besedes, Danilo"]
[Black "Jankov, Radislav"]
[Result "0-1"]
[WhiteElo "1858"]
[BlackElo "2106"]
[PlyCount "78"]
[EventDate "2012.11.23"]
[EventType "tourn"]
[EventRounds "9"]
[EventCountry "SRB"]
[EventCategory "3"]
[SourceTitle "EXT 2014"]
[Source "ChessBase"]
[SourceDate "2013.11.20"]
[SourceVersion "1"]
[SourceVersionDate "2013.11.20"]
[SourceQuality "1"]

1. d4 Nf6 2. c4 c6 3. Nc3 d5 4. Nf3 e6 5. Bg5 Nbd7 6. e3 Qa5 7. Nd2 Ne4 8. Ndxe4 dxe4 9. Bh4 Bb4 10. Qc2 0-0 11. Be2 e5 12. 0-0 Bxc3 13. bxc3 f5 14. Rad1 c5 15. f3 exf3 16. Rxf3 e4 17. Rf2 Nf6 18. Bg3 Rf7 19. dxc5 Bd7 20. Rd4 Qxc5 21. Bd6 Qc6 22. c5 Be6 23. a4 a6 24. c4 Nd7 25. g4 g6 26. gxf5 Bxf5 27. Rd5 Rc8 28. h4 b6 29. cxb6 Nxb6 30. Rfxf5 Rxf5 31. Rxf5 gxf5 32. Be5 Nxc4 33. Bxc4+ Qxc4 34. Qg2+ Kf8 35. Qg7+ Ke8 36. Qh8+ Kd7 37. Qxh7+ Kc6 38. Qh6+ Kb7 39. Kf2 Qa2+ 0-1

[Event "Zrenjanin"]
[Site "Zrenjanin"]
[Date "2012.11.29"]
[Round "6"]
[White "Jankov, Radislav"]
[Black "Strbac, Mladen"]
[Result "0-1"]
[WhiteElo "2106"]
[BlackElo "2236"]
[PlyCount "51"]
[EventDate "2012.11.23"]
[EventType "tourn"]
[EventRounds "9"]
[EventCountry "SRB"]
[EventCategory "3"]
[SourceTitle "EXT 2014"]
[Source "ChessBase"]
[SourceDate "2013.11.20"]
[SourceVersion "1"]
[SourceVersionDate "2013.11.20"]
[SourceQuality "1"]

1. e4 e5 2. f4 exf4 3. Bc4 Qh4+ 4. Kf1 g5 5. Nf3 Qh5 6. d4 Bg7 7. Nc3 Ne7 8. e5 Nbc6 9. Ne4 h6 10. c3 d5 11. exd6 Bf5 12. Bd3 Qg6 13. Qe2 Bxe4 14. Bxe4 Qxd6 15. h3 0-0-0 16. Qb5 Rhf8 17. Nd2 Qe6 18. Bf3 a6 19. Qa4 Nf5 20. Ne4 Bxd4 21. cxd4 Rxd4 22. Qa3 Rfd8 23. Kf2 Rxe4 24. Bxe4 Qxe4 25. Re1 Qd4+ 26. Kf3 0-1

[Event "Zrenjanin"]
[Site "Zrenjanin"]
[Date "2012.11.24"]
[Round "2"]
[White "Vukic, Radivoje"]
[Black "Jankov, Radislav"]
[Result "1/2-1/2"]
[WhiteElo "2342"]
[BlackElo "2106"]
[PlyCount "52"]
[EventDate "2012.11.23"]
[EventType "tourn"]
[EventRounds "9"]
[EventCountry "SRB"]
[EventCategory "3"]
[SourceTitle "EXT 2014"]
[Source "ChessBase"]
[SourceDate "2013.11.20"]
[SourceVersion "1"]
[SourceVersionDate "2013.11.20"]
[SourceQuality "1"]

1. d4 Nf6 2. Nf3 d5 3. c4 e6 4. Nc3 c6 5. Bg5 Nbd7 6. cxd5 exd5 7. e3 Be7 8. Qc2 Nh5 9. Bxe7 Qxe7 10. 0-0-0 g6 11. e4 dxe4 12. Re1 0-0 13. Rxe4 Qd6 14. Rh4 Ndf6 15. Qd2 Kg7 16. Ne5 Ne8 17. g4 Nhf6 18. g5 Nd5 19. Ne4 Qb4 20. Qxb4 Nxb4 21. Bc4 Nd5 22. Rg1 Be6 23. Bxd5 cxd5 24. Nc5 b6 25. Nxe6+ fxe6 26. Nd3 Nc7 1/2-1/2